[Event "Power Solutions Arctic Chess NGP 2026"]
[Site "UiT Campus Alta"]
[Date "2026.02.20"]
[Round "5"]
[White "Harila, Rune"]
[Black "Røyset, Pål"]
[Result "0-1"]
[WhiteElo "1811"]
[BlackElo "2084"]
[PlyCount "60"]
[EventDate "2026.??.??"]

1. e4 c5 2. Nc3 Nc6 3. Bb5 Nd4 4. Nf3 e6 5. O-O a6 6. Bd3 Ne7 7. Re1 Nec6 8.
Nxd4 cxd4 9. Ne2 Bc5 10. Ng3 h5 11. Nf1 Qf6 12. Be2 d3 13. Bf3 g5 14. e5 Nxe5
15. Rxe5 Qxe5 16. cxd3 g4 17. Be2 Qd4 18. Qe1 b5 19. Rb1 Bb7 20. Ne3 Qe5 21. b4
Bd6 22. g3 Qg5 23. d4 f5 24. d3 h4 25. Nxg4 Qg7 26. Ne3 hxg3 27. fxg3 Qxd4 28.
Qf2 Qb6 29. Bb2 Rh3 30. Bf1 Bxg3 0-1

[Event "Power Solutions Arctic Chess NGP 2026"]
[Site "UiT Campus Alta"]
[Date "2026.02.20"]
[Round "5"]
[White "Homtako, Thea A."]
[Black "Jessen, Simon P."]
[Result "1/2-1/2"]
[WhiteElo "1739"]
[BlackElo "2059"]
[PlyCount "47"]
[EventDate "2026.??.??"]

1. e4 c6 2. d4 d5 3. e5 c5 4. dxc5 e6 5. a3 Bxc5 6. b4 Bb6 7. Qg4 Ne7 8. Bd3
Nd7 9. Bb2 Ng6 10. Nf3 Bc7 11. Bxg6 hxg6 12. O-O b6 13. Qf4 Qf6 14. Qxf6 gxf6
15. exf6 Ba6 16. Re1 Bd8 17. Rxe6+ fxe6 18. f7+ Kxf7 19. Bxh8 Rc8 20. c3 Bf6
21. Bxf6 Kxf6 22. a4 Bd3 23. Nfd2 Ne5 24. f3 1/2-1/2

[Event "Power Solutions Arctic Chess NGP 2026"]
[Site "UiT Campus Alta"]
[Date "2026.02.20"]
[Round "5"]
[White "Solskjær, Frode"]
[Black "Heier, Odin N."]
[Result "1/2-1/2"]
[WhiteElo "1926"]
[BlackElo "2007"]
[PlyCount "92"]
[EventDate "2026.??.??"]

1. d4 d5 2. Nf3 Nf6 3. c4 e6 4. Bg5 Be7 5. e3 O-O 6. Nc3 Nbd7 7. cxd5 exd5 8.
Bd3 c6 9. Qc2 Re8 10. O-O Nf8 11. Rab1 a5 12. a3 Ng6 13. Rfc1 Bd6 14. h3 h6 15.
Bxf6 Qxf6 16. e4 dxe4 17. Nxe4 Qf4 18. Nxd6 Qxd6 19. Re1 Bd7 20. Rbd1 Nf4 21.
Bh7+ Kf8 22. Bf5 g6 23. Bxd7 Qxd7 24. Qc5+ Kg8 25. Rxe8+ Rxe8 26. Qxa5 Nxh3+
27. gxh3 Qxh3 28. Nh2 Re4 29. Re1 Qf5 30. Qd8+ Kg7 31. Rxe4 Qxe4 32. Qd6 Qb1+
33. Kg2 Qxb2 34. Ng4 Qd2 35. Qf6+ Kg8 36. Ne5 Qa2 37. a4 Qd5+ 38. Kg3 h5 39. f4
h4+ 40. Qxh4 Qxd4 41. Nf3 Qxa4 42. Qd8+ Kg7 43. Qe7 Qb3 44. Qe5+ Kg8 45. Qe8+
Kg7 46. Qe5+ Kg8 1/2-1/2

[Event "Power Solutions Arctic Chess NGP 2026"]
[Site "UiT Campus Alta"]
[Date "2026.02.20"]
[Round "5"]
[White "Rustan, Elias B."]
[Black "Mikalsen, Odd E."]
[Result "1-0"]
[WhiteElo "1986"]
[BlackElo "1910"]
[PlyCount "85"]
[EventDate "2026.??.??"]

1. e4 e5 2. Nf3 Nc6 3. Bb5 f5 4. d3 fxe4 5. dxe4 Nf6 6. O-O Bc5 7. Bxc6 bxc6 8.
Nxe5 O-O 9. Nc3 Ba6 10. Nd3 Bd4 11. Ne2 Bb6 12. Ng3 d5 13. exd5 cxd5 14. Be3 d4
15. Bd2 Bb7 16. Re1 Qd7 17. a4 a5 18. b4 axb4 19. Bxb4 c5 20. a5 Ba7 21. a6
Bxg2 22. Bxc5 Bxc5 23. Kxg2 Bd6 24. Qf3 Bxg3 25. hxg3 Nd5 26. Qe4 Rae8 27. Ne5
Qd6 28. a7 Nf6 29. a8=Q Nxe4 30. Qxe4 Qf6 31. Qd5+ Qe6 32. Qxe6+ Rxe6 33. Nf3
Ref6 34. Ra3 g5 35. Re2 g4 36. Nxd4 Rc8 37. Ra5 h6 38. Rae5 Rc4 39. Nf5 Kf7 40.
Re7+ Kf8 41. Re8+ Kf7 42. R2e7+ Kg6 43. Nh4+ 1-0

[Event "Power Solutions Arctic Chess NGP 2026"]
[Site "UiT Campus Alta"]
[Date "2026.02.20"]
[Round "5"]
[White "Roover, Nikolay J. D."]
[Black "Johnsen, Kjell M."]
[Result "1-0"]
[WhiteElo "1966"]
[BlackElo "1930"]
[PlyCount "33"]
[EventDate "2026.??.??"]

1. Nf3 b6 2. e4 Bb7 3. Nc3 e6 4. d4 Bb4 5. Bd3 Nf6 6. e5 Ne4 7. O-O Nxc3 8.
bxc3 Be7 9. c4 d5 10. cxd5 exd5 11. e6 Nc6 12. exf7+ Kf8 13. Re1 Kxf7 14. Bb5
Bf6 15. Ne5+ Bxe5 16. dxe5 Rf8 17. Bxc6 1-0

[Event "Power Solutions Arctic Chess NGP 2026"]
[Site "UiT Campus Alta"]
[Date "2026.02.20"]
[Round "5"]
[White "Noer, Andreas"]
[Black "Paranichev, Miron"]
[Result "0-1"]
[WhiteElo "1739"]
[BlackElo "1901"]
[PlyCount "74"]
[EventDate "2026.??.??"]

1. c4 e6 2. g3 d5 3. Bg2 a6 4. Nf3 dxc4 5. Na3 Bxa3 6. bxa3 Nf6 7. Bb2 Nbd7 8.
Qc2 O-O 9. Qxc4 b5 10. Qc6 Rb8 11. Rc1 Nd5 12. O-O Bb7 13. Qc2 c5 14. h4 h6 15.
d3 N5f6 16. a4 Qa5 17. axb5 axb5 18. Bc3 b4 19. Bd2 Ra8 20. Ra1 Qa4 21. Rfc1
Bd5 22. Be3 Qxc2 23. Rxc2 b3 24. Rb2 Rxa2 25. Rab1 Rfa8 26. Nd2 Rxb2 27. Rxb2
Ra2 28. Rb1 b2 29. Kh2 Ng4+ 30. Kh3 Nxe3 31. fxe3 Nb6 32. e4 Bc6 33. e5 Ba4 34.
d4 c4 35. d5 c3 36. dxe6 fxe6 37. Ne4 c2 0-1

[Event "Power Solutions Arctic Chess NGP 2026"]
[Site "UiT Campus Alta"]
[Date "2026.02.20"]
[Round "5"]
[White "Wilhelmsen, Vegard"]
[Black "Mikalsen, Bengt A."]
[Result "1-0"]
[WhiteElo "1770"]
[BlackElo "1812"]
[PlyCount "76"]
[EventDate "2026.??.??"]

1. d4 d5 2. Nf3 Nf6 3. Bf4 Bf5 4. e3 e6 5. Bd3 Bd6 6. Bxf5 exf5 7. Bxd6 Qxd6 8.
c3 Nc6 9. Nbd2 O-O 10. O-O Rfe8 11. Qc2 Ne4 12. Rae1 Kh8 13. Re2 f6 14. a3 Ne7
15. Ne1 c6 16. f3 Ng5 17. Nd3 a5 18. Rfe1 Ng6 19. e4 fxe4 20. fxe4 Nf4 21. Nxf4
Qxf4 22. exd5 Rxe2 23. Rxe2 cxd5 24. Qb3 Rd8 25. Qxb7 Qg4 26. Qe7 Rg8 27. Qe3
h6 28. Re1 Rb8 29. b4 axb4 30. cxb4 Rc8 31. a4 Rc2 32. Qd3 Rc8 33. a5 f5 34. b5
f4 35. Rf1 h5 36. Nf3 Ne4 37. b6 Rc3 38. Qxc3 Nxc3 1-0

[Event "Power Solutions Arctic Chess NGP 2026"]
[Site "UiT Campus Alta"]
[Date "2026.02.20"]
[Round "5"]
[White "Hjerpbakk, Terje"]
[Black "Myren, Matias"]
[Result "1-0"]
[WhiteElo "1684"]
[BlackElo "1770"]
[PlyCount "69"]
[EventDate "2026.??.??"]

1. d4 Nf6 2. c4 e6 3. Nc3 d5 4. cxd5 exd5 5. Bg5 Be7 6. e3 O-O 7. Bd3 h6 8. Bh4
Be6 9. Qc2 Nbd7 10. Nf3 c5 11. O-O Rc8 12. dxc5 Nxc5 13. Bf5 Nce4 14. Bxe6 fxe6
15. Qb3 Nxc3 16. bxc3 Ne4 17. Bxe7 Qxe7 18. Qb4 Qc7 19. Nd4 a5 20. Qa3 Rf6 21.
Nb5 Qd8 22. Qb2 Nd6 23. Nxd6 Qxd6 24. Qxb7 Rxc3 25. Qa8+ Rf8 26. Qxa5 Ra3 27.
Qd2 Rfa8 28. Rfb1 Qa6 29. Rb2 Qc4 30. Rc2 Qb5 31. h3 Qa4 32. Rb2 Rd8 33. Rb4
Qa5 34. Qb2 Qa7 35. Rb7 1-0

[Event "Power Solutions Arctic Chess NGP 2026"]
[Site "UiT Campus Alta"]
[Date "2026.02.21"]
[Round "6"]
[White "Vestby-Ellingsen, Mads"]
[Black "Urkedal, Frode O. O."]
[Result "1/2-1/2"]
[WhiteElo "2386"]
[BlackElo "2569"]
[PlyCount "182"]
[EventDate "2026.??.??"]

1. c4 Nf6 2. Nf3 e6 3. g3 d5 4. d4 Bb4+ 5. Nc3 dxc4 6. Bg2 Nc6 7. O-O O-O 8.
Re1 Rb8 9. a3 Bd6 10. Qa4 a6 11. Qxc4 b5 12. Qd3 e5 13. Rd1 Bg4 14. Nxe5 Nxe5
15. dxe5 Bxe5 16. Qc2 Qe7 17. Bg5 Qc5 18. Rac1 Rfe8 19. Qd2 Qf8 20. Bxf6 Bxf6
21. Nd5 Bxe2 22. Re1 Bc4 23. Nxf6+ gxf6 24. Qf4 Qd6 25. Qg4+ Kh8 26. Qh4 Re5
27. Be4 f5 28. Bf3 Rbe8 29. Red1 Qe7 30. Qd4 Qf6 31. Kg2 Kg7 32. Qc3 f4 33. Rd4
fxg3 34. hxg3 Rf5 35. Rg4+ Kf8 36. Qxf6 Rxf6 37. b3 Bxb3 38. Rxc7 Rxf3 39. Kxf3
Bd1+ 40. Kf4 Bxg4 41. Kxg4 Kg7 42. Rc6 Re4+ 43. f4 Ra4 44. Rc3 Kg6 45. Re3 h5+
46. Kh4 f6 47. Rd3 Rc4 48. Rd6 Ra4 49. Rd3 Rc4 50. Rd6 Rc1 51. Kh3 a5 52. Rd5
Rh1+ 53. Kg2 Rb1 54. a4 bxa4 55. Rxa5 Ra1 56. Kf3 a3 57. Kg2 a2 58. Kh2 Kf7 59.
Ra6 Ke7 60. Kg2 Kd7 61. Kh2 Kc7 62. Kg2 Kb7 63. Ra3 Kb6 64. Ra8 Kb5 65. Rb8+
Kc4 66. Ra8 Kd3 67. Ra7 Ke4 68. Ra5 Kd4 69. Ra8 Kd5 70. Ra7 Ke6 71. Ra5 Kd6 72.
Ra8 Ke7 73. Ra6 Kf7 74. Ra4 Kg6 75. Ra5 Kh6 76. Kh2 Kg7 77. Kg2 Kg6 78. Kh2 f5
79. Ra6+ Kf7 80. Kg2 Ke7 81. Kh2 Kd7 82. Kg2 Kc7 83. Kh2 Kb7 84. Ra3 Kc6 85.
Kg2 Kb5 86. Ra8 Kc4 87. Ra7 Kd5 88. Ra8 Ke4 89. Ra4+ Ke3 90. Ra3+ Ke4 91. Ra4+
Ke3 1/2-1/2

[Event "Power Solutions Arctic Chess NGP 2026"]
[Site "UiT Campus Alta"]
[Date "2026.02.21"]
[Round "6"]
[White "Kaasen, Tor F"]
[Black "Williams, Simon K."]
[Result "0-1"]
[WhiteElo "2476"]
[BlackElo "2432"]
[PlyCount "108"]
[EventDate "2026.??.??"]

1. d4 e6 2. c4 f5 3. g3 Nf6 4. Bg2 d5 5. Nh3 Bd6 6. O-O O-O 7. Qc2 Nc6 8. Rd1
Nb4 9. Qb3 a5 10. c5 Be7 11. Nc3 h6 12. Nf4 Qe8 13. Nd3 Nc6 14. Nb5 a4 15. Qc2
Ra5 16. Bd2 Rxb5 17. Qxa4 Nd8 18. Qc2 Nc6 19. Qa4 Nb8 20. Qa8 Bd7 21. b4 Qh5
22. a4 Nc6 23. axb5 Rxa8 24. Rxa8+ Nd8 25. Bf4 Bxb5 26. Rda1 Kh7 27. Rc8 Nc6
28. Ne5 Nxe5 29. dxe5 Ne8 30. Bf3 Qf7 31. Ra5 Bd7 32. Rb8 g5 33. Bd2 f4 34. g4
Qg6 35. Raa8 Bc6 36. Kg2 Kg7 37. Ra5 Qc2 38. Be1 Qc4 39. Kf1 Kf7 40. h4 d4 41.
Bxc6 bxc6 42. Ra3 Qd5 43. f3 gxh4 44. Rd3 h3 45. Bf2 h2 46. Kg2 Qxe5 47. Rd2 h5
48. Rxd4 Qxe2 49. Rxf4+ Nf6 50. g5 h1=Q+ 51. Kxh1 Qxf2 52. gxf6 Bxf6 53. Rc8
Qe1+ 54. Kg2 Qd2+ 0-1

[Event "Power Solutions Arctic Chess NGP 2026"]
[Site "UiT Campus Alta"]
[Date "2026.02.21"]
[Round "6"]
[White "Hansen, Torbjørn R."]
[Black "Røyset, Pål"]
[Result "1-0"]
[WhiteElo "2407"]
[BlackElo "2084"]
[PlyCount "59"]
[EventDate "2026.??.??"]

1. c4 c5 2. g3 Nc6 3. Bg2 g6 4. Nc3 Bg7 5. Nf3 d6 6. O-O Bf5 7. h3 Qc8 8. Kh2
h5 9. d3 Nf6 10. e4 Bd7 11. Nd5 h4 12. Nxh4 Nd4 13. Be3 Nxd5 14. cxd5 Bf6 15.
f4 Kf8 16. Rc1 Kg7 17. Qe1 Rh5 18. b4 b6 19. Qf2 Qh8 20. e5 Bxh4 21. Bxd4 Bxg3+
22. Qxg3 cxd4 23. e6 fxe6 24. dxe6 Bxe6 25. Rfe1 Rc8 26. f5 Bxf5 27. Rxe7+ Kf8
28. Rxc8+ Bxc8 29. Qxd6 Rxh3+ 30. Kg1 1-0

[Event "Power Solutions Arctic Chess NGP 2026"]
[Site "UiT Campus Alta"]
[Date "2026.02.21"]
[Round "6"]
[White "Grave, Jacob T."]
[Black "Nielsen, André Z."]
[Result "0-1"]
[WhiteElo "2382"]
[BlackElo "2301"]
[PlyCount "82"]
[EventDate "2026.??.??"]

1. d4 Nf6 2. c4 e6 3. g3 Bb4+ 4. Bd2 Qe7 5. Bg2 Nc6 6. Nf3 Bxd2+ 7. Nbxd2 d6 8.
O-O O-O 9. e4 e5 10. d5 Nb8 11. Ne1 Ne8 12. Nd3 f5 13. Bh3 c6 14. Re1 fxe4 15.
Bxc8 exd3 16. Qb3 Na6 17. Qxb7 Nec7 18. Be6+ Kh8 19. Ne4 cxd5 20. cxd5 Rfb8 21.
Qc6 Nb4 22. Qd7 Qxd7 23. Bxd7 Nc2 24. Bc6 Nxe1 25. Rxe1 Rb4 26. Nxd6 Rf8 27. b3
Rd4 28. Rd1 e4 29. Rd2 a6 30. a4 g6 31. h4 Rf6 32. Nc4 Nxd5 33. Bb7 Nc3 34. Ne3
Rd7 35. Bc8 Rd8 36. Bg4 Rb6 37. h5 gxh5 38. Bf5 Rxb3 39. f3 Nb1 40. Rd1 d2 41.
Nc4 e3 0-1

[Event "Power Solutions Arctic Chess NGP 2026"]
[Site "UiT Campus Alta"]
[Date "2026.02.21"]
[Round "6"]
[White "Hunt, Harriet V."]
[Black "Kreken, Eivind G."]
[Result "0-1"]
[WhiteElo "2289"]
[BlackElo "2347"]
[PlyCount "68"]
[EventDate "2026.??.??"]

1. e4 e5 2. Nf3 Nc6 3. Bb5 a6 4. Ba4 Nf6 5. O-O Be7 6. d3 b5 7. Bb3 O-O 8. a3
d6 9. Nc3 Na5 10. Ba2 Be6 11. Bxe6 fxe6 12. Bd2 c5 13. b4 Nc6 14. bxc5 dxc5 15.
a4 b4 16. Ne2 c4 17. Be3 Ng4 18. Qd2 Nxe3 19. Qxe3 cxd3 20. cxd3 Qd6 21. Nc1
Na5 22. Rb1 Rfd8 23. Nb3 Nxb3 24. Rxb3 Rac8 25. Rc1 Rc7 26. a5 Rdc8 27. Rcb1
Rc3 28. g3 Qc5 29. Kg2 Qxe3 30. fxe3 Rxb3 31. Rxb3 Rc5 32. d4 exd4 33. Nxd4 e5
34. Nf5 Bf8 0-1

[Event "Power Solutions Arctic Chess NGP 2026"]
[Site "UiT Campus Alta"]
[Date "2026.02.21"]
[Round "6"]
[White "Foreest, Machteld V."]
[Black "Borsos, Bogdan"]
[Result "1/2-1/2"]
[WhiteElo "2320"]
[BlackElo "2084"]
[PlyCount "82"]
[EventDate "2026.??.??"]

1. e4 c6 2. d4 d5 3. Nd2 dxe4 4. Nxe4 Bf5 5. Ng3 Bg6 6. h4 h6 7. Nf3 Nd7 8. h5
Bh7 9. Bd3 Bxd3 10. Qxd3 e6 11. Bd2 Ngf6 12. O-O-O Qc7 13. Kb1 Bd6 14. Ne4 Nxe4
15. Qxe4 O-O-O 16. g3 Nf6 17. Qe2 Qb6 18. c4 Qa6 19. Rhe1 Kb8 20. Rc1 Ka8 21.
Ka1 Rhe8 22. Ne5 Re7 23. Nd3 Red7 24. Be3 Qa5 25. g4 Ne8 26. Qf3 f6 27. Qe2 Nc7
28. Red1 Re8 29. f4 Na6 30. Bd2 Qd8 31. Bc3 Bc7 32. Qe4 Bb6 33. Ne1 c5 34. d5
exd5 35. Qf5 d4 36. Bd2 Rde7 37. g5 fxg5 38. fxg5 Ba5 39. Nd3 Bxd2 40. Rxd2
hxg5 41. Qxg5 Rf7 1/2-1/2

[Event "Power Solutions Arctic Chess NGP 2026"]
[Site "UiT Campus Alta"]
[Date "2026.02.21"]
[Round "6"]
[White "Lund, Gunnar"]
[Black "Austad, Eirik S."]
[Result "1-0"]
[WhiteElo "2314"]
[BlackElo "2155"]
[PlyCount "63"]
[EventDate "2026.??.??"]

1. Nf3 Nf6 2. c4 e6 3. d4 d5 4. Nc3 Be7 5. Bf4 O-O 6. e3 c5 7. Qc2 Nc6 8. Rd1
cxd4 9. Nxd4 Nxd4 10. exd4 dxc4 11. Bxc4 a6 12. O-O b5 13. Bd3 Bb7 14. a3 Rc8
15. Be5 h6 16. Qe2 Qb6 17. Bb1 Qc6 18. f4 Nd7 19. Rf3 f5 20. d5 Qb6+ 21. Bd4
Bc5 22. Bxc5 Qxc5+ 23. Kh1 Rce8 24. Re3 e5 25. fxe5 f4 26. Re4 Qc7 27. e6 Nf6
28. d6 Qc6 29. Rxf4 g5 30. Rf2 Kg7 31. e7 Rh8 32. Qc2 1-0

[Event "Power Solutions Arctic Chess NGP 2026"]
[Site "UiT Campus Alta"]
[Date "2026.02.21"]
[Round "6"]
[White "Rustan, Elias B."]
[Black "Bruaset, Eivind"]
[Result "1/2-1/2"]
[WhiteElo "1986"]
[BlackElo "2215"]
[PlyCount "137"]
[EventDate "2026.??.??"]

1. e4 e6 2. d4 d5 3. Nd2 Be7 4. Ngf3 Nf6 5. e5 Nfd7 6. h4 c5 7. c3 Nc6 8. Bd3
a5 9. a3 f6 10. exf6 Nxf6 11. O-O O-O 12. Re1 Bd6 13. Ne5 cxd4 14. Nxc6 bxc6
15. cxd4 c5 16. dxc5 Bxc5 17. Nf3 Qb6 18. Be3 Bxe3 19. Rxe3 Ba6 20. Ng5 Rae8
21. Bxa6 Qxa6 22. Qe1 Ng4 23. Rxe6 Rxe6 24. Qxe6+ Qxe6 25. Nxe6 Rxf2 26. b4
axb4 27. axb4 Rb2 28. Ng5 g6 29. g3 h6 30. Ra8+ Kg7 31. Ne6+ Kf7 32. Nf4 d4 33.
Ra6 Ne5 34. Re6 Nf3+ 35. Kf1 d3 36. Rd6 Rb1+ 37. Kf2 d2 38. Kxf3 d1=Q+ 39. Rxd1
Rxd1 40. Ke4 Rb1 41. Nd3 Rg1 42. Kf4 Kf6 43. Nc5 Rb1 44. Nd3 Rf1+ 45. Ke4 g5
46. b5 Rb1 47. hxg5+ Kxg5 48. Nf2 Rb3 49. b6 Rxg3 50. Kd5 Rb3 51. Kc6 Kf4 52.
b7 Kf3 53. Nh3 Kg3 54. Ng1 h5 55. Kc7 Kg2 56. Ne2 h4 57. b8=Q Rxb8 58. Kxb8 Kf3
59. Ng1+ Kf2 60. Nh3+ Kg3 61. Ng1 Kg2 62. Ne2 Kh1 63. Nf4 Kh2 64. Kc7 Kg3 65.
Ne2+ Kf3 66. Ng1+ Kg2 67. Ne2 Kh1 68. Nf4 h3 69. Nxh3 1/2-1/2

[Event "Power Solutions Arctic Chess NGP 2026"]
[Site "UiT Campus Alta"]
[Date "2026.02.21"]
[Round "6"]
[White "Skaar, Ben S. G."]
[Black "Torbjørn Valvåg"]
[Result "1/2-1/2"]
[WhiteElo "2152"]
[BlackElo "2082"]
[PlyCount "68"]
[EventDate "2026.??.??"]

1. Nf3 d5 2. e3 Nf6 3. b3 c6 4. Bb2 Bf5 5. Be2 e6 6. O-O h6 7. c4 Nbd7 8. d4
Bd6 9. Nbd2 O-O 10. Ne5 a5 11. a4 Qe7 12. Rc1 Rfe8 13. Ndf3 Ne4 14. Nxd7 Qxd7
15. Ne5 Qe7 16. f3 Nf6 17. Bd3 Bxd3 18. Qxd3 Rad8 19. Qe2 Nd7 20. Nxd7 Rxd7 21.
e4 e5 22. exd5 exd4 23. Qxe7 Bxe7 24. Bxd4 cxd5 25. cxd5 Rxd5 26. Bb6 Bb4 27.
Rfd1 Bd2 28. Kf1 Ree5 29. Rc4 Bb4 30. Rxd5 Rxd5 31. Rd4 Re5 32. Kf2 Be1+ 33.
Kf1 Bb4 34. Kf2 Be1+ 1/2-1/2

[Event "Power Solutions Arctic Chess NGP 2026"]
[Site "UiT Campus Alta"]
[Date "2026.02.21"]
[Round "6"]
[White "Hammari, Vinjar"]
[Black "Verbin, Valentina"]
[Result "0-1"]
[WhiteElo "2101"]
[BlackElo "2140"]
[PlyCount "164"]
[EventDate "2026.??.??"]

1. e4 e6 2. d4 d5 3. Nd2 c5 4. Ngf3 cxd4 5. Nxd4 Nf6 6. exd5 Nxd5 7. N2f3 Bb4+
8. Bd2 O-O 9. c3 Bd6 10. Nb5 Bc5 11. Bd3 a6 12. Nbd4 e5 13. Nb3 Bb6 14. O-O Nc6
15. a4 Bg4 16. a5 Bc7 17. Nc5 Qe7 18. b4 Nxa5 19. bxa5 Qxc5 20. Bxh7+ Kh8 21.
Qa4 Bxf3 22. Qh4 Bd8 23. Qh3 Bg4 24. Qxg4 Kxh7 25. Ra4 f5 26. Qh5+ Kg8 27. c4
Nf4 28. Qd1 Qc6 29. f3 Be7 30. Qa1 Ne2+ 31. Kh1 Nd4 32. c5 Rad8 33. Be3 Bf6 34.
Rb4 Qd5 35. Qb1 f4 36. Bg1 Nc6 37. Rxb7 Nxa5 38. Rb6 Nc4 39. Qb3 Nxb6 40. Qxb6
Qc4 41. Re1 Rb8 42. Qc7 Rb2 43. Qd7 Qf7 44. Qg4 Re8 45. Rc1 Rbb8 46. c6 Qe6 47.
Qg6 Rbc8 48. Qe4 Red8 49. c7 Re8 50. Qb7 Qd7 51. Bb6 Re6 52. Qxa6 Be7 53. Qb7
Rd6 54. Bg1 Bf8 55. h3 Rg6 56. Bf2 Bd6 57. Bb6 Re6 58. Rd1 Rxc7 59. Bxc7 Qxc7
60. Qa8+ Kh7 61. Qe4+ Kh6 62. Rb1 Be7 63. Qd5 Rc6 64. Qg8 Rc1+ 65. Rxc1 Qxc1+
66. Kh2 Qc6 67. h4 Qf6 68. Qh8+ Kg6 69. Qe8+ Kh7 70. Qh5+ Kg8 71. Qe8+ Kh7 72.
Qh5+ Qh6 73. Qxe5 Qxh4+ 74. Kg1 Bf6 75. Qe4+ Kh6 76. Qe6 g6 77. Qd6 Be7 78. Qd4
Qf6 79. Qc4 Qe5 80. Kf1 Bc5 81. g4 Qe3 82. g5+ Kh5 0-1

[Event "Power Solutions Arctic Chess NGP 2026"]
[Site "UiT Campus Alta"]
[Date "2026.02.21"]
[Round "6"]
[White "Houska, Jovanka"]
[Black "Roover, Nikolay J. D."]
[Result "0-1"]
[WhiteElo "2314"]
[BlackElo "1966"]
[PlyCount "128"]
[EventDate "2026.??.??"]

1. d4 Nf6 2. Nf3 d5 3. e3 e6 4. Bd3 Bd6 5. O-O b6 6. b3 Bb7 7. Bb2 Nbd7 8. Nbd2
O-O 9. Ne5 c5 10. Qe2 Rc8 11. a3 Bb8 12. f4 Ne4 13. Nxd7 Qxd7 14. Bxe4 dxe4 15.
c4 Rfd8 16. Rfd1 cxd4 17. exd4 Bxf4 18. Nxe4 Qe7 19. Rf1 Bxh2+ 20. Kxh2 Qh4+
21. Kg1 Bxe4 22. a4 Rc6 23. Qf2 Qh5 24. Rae1 f5 25. Qg3 e5 26. Qxe5 Re8 27.
Rxf5 Rxe5 28. Rxh5 Rxh5 29. Rxe4 Rg6 30. Bc1 Rh3 31. Be3 Rhg3 32. Re7 a5 33. d5
Rxg2+ 34. Kf1 Rb2 35. c5 bxc5 36. Bxc5 Rf6+ 37. Ke1 Rf5 38. Bd4 Rb1+ 39. Ke2
Rxd5 40. Rxg7+ Kf8 41. Bf6 Rd6 42. Bc3 Rxb3 43. Rc7 Rd5 44. Ke3 Rh5 45. Kf2 Ra3
46. Rc4 Rh2+ 47. Kg1 Rh5 48. Kf2 Kf7 49. Kg3 Rd5 50. Kf4 Rd3 51. Bxa5 Rh3 52.
Be1 Rh1 53. Rc7+ Ke6 54. Re7+ Kf6 55. Re4 Rf1+ 56. Kg4 h5+ 57. Kxh5 Kf5 58. Re8
Rh1+ 59. Bh4 Rah3 60. Rf8+ Ke5 61. Re8+ Kd5 62. Rd8+ Kc5 63. Rc8+ Kb4 64. Rb8+
Ka3 0-1

[Event "Power Solutions Arctic Chess NGP 2026"]
[Site "UiT Campus Alta"]
[Date "2026.02.21"]
[Round "6"]
[White "Aamodt, Peder M."]
[Black "Hagesather, Arne"]
[Result "1/2-1/2"]
[WhiteElo "2189"]
[BlackElo "2016"]
[PlyCount "100"]
[EventDate "2026.??.??"]

1. d4 d5 2. c4 c6 3. Nf3 Nf6 4. h3 Bf5 5. Qb3 Qb6 6. Nc3 Qxb3 7. axb3 e6 8. c5
Na6 9. Bf4 Nb4 10. Ra4 a5 11. Bc7 Ne4 12. Nxe4 dxe4 13. Nh4 Be7 14. Nxf5 exf5
15. Bxa5 Nc2+ 16. Kd2 Nxd4 17. Rxd4 Rxa5 18. b4 Ra2 19. g4 Bf6 20. Rc4 Rxb2+
21. Ke3 Bg5+ 22. Kd4 fxg4 23. hxg4 O-O 24. Kxe4 Bd2 25. e3 Re8+ 26. Kf3 Bxb4
27. Bd3 g6 28. Rb1 Rxb1 29. Bxb1 Ba3 30. Rc3 Ra8 31. Ke4 Ra5 32. Rb3 Bxc5 33.
Rxb7 Ra4+ 34. Kf3 Rb4 35. Rxb4 Bxb4 36. Ke4 Be1 37. f4 h5 38. gxh5 gxh5 39. Kf5
Kg7 40. Kg5 h4 41. Kg4 c5 42. Bd3 Kf6 43. e4 Ke7 44. Bc4 f6 45. Bb5 Kd6 46. e5+
fxe5 47. fxe5+ Kxe5 48. Kh3 Kd4 49. Ba6 c4 50. Bxc4 Kxc4 1/2-1/2

[Event "Power Solutions Arctic Chess NGP 2026"]
[Site "UiT Campus Alta"]
[Date "2026.02.21"]
[Round "6"]
[White "Sivaparan, Isai"]
[Black "Hagesather, Ellen"]
[Result "1-0"]
[WhiteElo "1983"]
[BlackElo "2145"]
[PlyCount "91"]
[EventDate "2026.??.??"]

1. e4 d6 2. d4 g6 3. Nc3 Bg7 4. Nf3 a6 5. a4 b6 6. Bc4 Nf6 7. O-O O-O 8. Re1
Bb7 9. Bf1 Nc6 10. Bg5 h6 11. Bh4 g5 12. Bg3 e6 13. h3 Ne7 14. Bh2 Ng6 15. Nd2
Qe7 16. Nc4 Rad8 17. Qe2 Nxe4 18. Nxe4 d5 19. Na5 bxa5 20. Nc5 Bc8 21. Nb3 Qd7
22. Qd2 Rde8 23. Qxa5 e5 24. Bxa6 Bxa6 25. Qxa6 Ra8 26. Nc5 Qf5 27. Qd3 e4 28.
Qd2 Nf4 29. a5 Rfb8 30. b4 Bf8 31. Ra4 Bd6 32. Rb1 Kh8 33. b5 Rg8 34. Nb7 Be7
35. Qe3 Ne6 36. a6 Kh7 37. Bg3 g4 38. h4 Qh5 39. c4 Ng7 40. cxd5 Qxd5 41. Nc5
f5 42. Bxc7 Bxh4 43. Qb3 Qxb3 44. Rxb3 Ne8 45. Be5 Bd8 46. b6 1-0

[Event "Power Solutions Arctic Chess NGP 2026"]
[Site "UiT Campus Alta"]
[Date "2026.02.21"]
[Round "6"]
[White "Bashylina, Luisa"]
[Black "Solbu, Lasse T."]
[Result "1-0"]
[WhiteElo "2145"]
[BlackElo "1958"]
[PlyCount "74"]
[EventDate "2026.??.??"]

1. d4 e6 2. c4 f5 3. Nf3 Nf6 4. Nc3 Bb4 5. Bd2 O-O 6. e3 b6 7. Bd3 Bb7 8. O-O
d6 9. Qc2 Bxc3 10. Bxc3 Ne4 11. Be1 Nd7 12. Nd2 Nxd2 13. Bxd2 Qh4 14. f3 Rf6
15. g3 Qh5 16. e4 e5 17. exf5 exd4 18. g4 Qh3 19. Be4 d3 20. Qxd3 Ne5 21. Qe2
Bxe4 22. Qxe4 Raf8 23. Bc3 g6 24. Qd5+ R8f7 25. Bxe5 dxe5 26. Qxe5 gxf5 27. g5
Rg6 28. f4 Rd6 29. Qe8+ Rf8 30. Qe2 Rfd8 31. Rae1 R8d7 32. Qe8+ Kg7 33. Qe5+
Kg6 34. Re3 Qh4 35. Rfe1 Rd2 36. Qf6+ Kh5 37. Qh6+ Kg4 1-0

[Event "Power Solutions Arctic Chess NGP 2026"]
[Site "UiT Campus Alta"]
[Date "2026.02.21"]
[Round "6"]
[White "Jessen, Simon P."]
[Black "Wilhelmsen, Vegard"]
[Result "1-0"]
[WhiteElo "2059"]
[BlackElo "1770"]
[PlyCount "37"]
[EventDate "2026.??.??"]

1. d4 e6 2. c4 f5 3. a3 Nf6 4. Nc3 Be7 5. Nf3 O-O 6. Qc2 b6 7. g3 Bb7 8. Bg2
Be4 9. Nxe4 Nxe4 10. d5 exd5 11. cxd5 Bf6 12. Be3 c5 13. dxc6 dxc6 14. Rd1 Qc7
15. Nd4 Bxd4 16. Rxd4 Nd6 17. Bf4 Rd8 18. Qd1 Nb5 19. Rxd8+ 1-0

[Event "Power Solutions Arctic Chess NGP 2026"]
[Site "UiT Campus Alta"]
[Date "2026.02.21"]
[Round "6"]
[White "Solbu, August"]
[Black "Heier, Odin N."]
[Result "0-1"]
[WhiteElo "1949"]
[BlackElo "2007"]
[PlyCount "52"]
[EventDate "2026.??.??"]

1. e4 e5 2. Nf3 Nc6 3. Bb5 a6 4. Ba4 g6 5. O-O Bg7 6. c3 Nge7 7. d4 b5 8. Bc2
d6 9. h3 O-O 10. a4 Bb7 11. Re1 exd4 12. cxd4 Nb4 13. Bb3 c5 14. axb5 axb5 15.
Rxa8 Bxa8 16. dxc5 dxc5 17. Qxd8 Rxd8 18. Bg5 Re8 19. Nc3 Bc6 20. e5 c4 21. Bd1
Nd3 22. Re2 b4 23. Na2 Bxf3 24. gxf3 Nd5 25. f4 h6 26. Bh4 N5xf4 0-1

[Event "Power Solutions Arctic Chess NGP 2026"]
[Site "UiT Campus Alta"]
[Date "2026.02.21"]
[Round "6"]
[White "Mikalsen, Odd E."]
[Black "Brasøy, Aksel"]
[Result "1-0"]
[WhiteElo "1910"]
[BlackElo "1952"]
[PlyCount "113"]
[EventDate "2026.??.??"]

1. e4 e6 2. d3 d5 3. Nd2 c5 4. Ngf3 Nc6 5. g3 Nf6 6. Bg2 Be7 7. O-O O-O 8. Re1
b5 9. e5 Nd7 10. c4 bxc4 11. dxc4 Nb6 12. h4 h6 13. cxd5 exd5 14. Nf1 Be6 15.
b3 Qd7 16. Ne3 Rfd8 17. Qe2 Qc7 18. Bb2 a5 19. Rac1 Qb7 20. Qb5 Ra7 21. Qf1 a4
22. Bh3 axb3 23. axb3 Ra2 24. Rb1 Qd7 25. Bg2 Nb4 26. Red1 Qe8 27. Bh3 Bf8 28.
Bxe6 Qxe6 29. Ng2 d4 30. Nf4 Qc6 31. Nd2 N6d5 32. Nxd5 Qxd5 33. Nc4 Nc6 34. f4
Rb8 35. Bc3 Qe4 36. Be1 h5 37. Bf2 Nb4 38. Rb2 Rxb2 39. Nxb2 Qc2 40. Nc4 Qxb3
41. e6 fxe6 42. Qe2 Rd8 43. Qxe6+ Kh8 44. Qe2 g6 45. Ne5 Qe6 46. Qe4 Rd6 47.
Ra1 Na6 48. Qb7 Kg8 49. Re1 Qd5 50. Qc8 Nb4 51. Ra1 Qe6 52. Qxc5 Ra6 53. Qc1
Rxa1 54. Qxa1 d3 55. Qd4 Nc6 56. Nxc6 Qxc6 57. Qxd3 1-0